00590nam a22001697a 450000100060000000300090000600500170001500800480003202000190008004000220009910000360012124501040015726000290026130000230029050000730031370000340038600260DO-SdBNP20180315101657.0151127b 1988 sp xxu||||| |||| 00| 0 spa d a84-207-3057-2  aBPMSUbspacBPMSU1 aLazáro, Fernando,d1923-2004.10aAntología :blecturas complementarias para el bachillerato /cFernando Lázaro, Vicente Tusón. aMadrid :bAnaya, c1988. a339 p. ; c24 cm.  aIncluye referencia bibliográficas y notas al pie de las páginas.12aTusón, Vicente,d 1934-1999